Statistics for f(x) Songs

Click here to take the quiz!

General Stats

  • This quiz has been taken 44 times
  • The average score is 30 of 59

Answer Stats

% Correct
4 Walls
100%
Electric Shock
100%
Hot Summer
100%
Nu ABO
100%
Red Light
100%
Pinocchio (Danger)
93%
Rum Pum Pum Pum
93%
La Cha Ta
80%
Dracula
73%
Shadow
73%
Airplane
67%
Papi
67%
Pretty Girl
67%
Butterfly
60%
Chu~
60%
Goodbye Summer
60%
Ice Cream
60%
Jet
60%
MILK
60%
Mr. Boogie
60%
Paper Heart
60%
Rude Love
60%
Signal
60%
Toy
60%
All Night
53%
Ending Page
53%
Kick
53%
Deja Vu
47%
Diamond
47%
Glitter
47%
Love
47%
Snapshot
47%
Step
47%
Cash Me Out
40%
Lollipop
40%
ME+U
40%
Rainbow
40%
Sweet Witches
40%
Traveler
40%
Vacance
40%
When I'm Alone
40%
X
40%
Boom Bang Boom
33%
Dangerous
33%
No More
33%
Summer Lover
33%
Zig Zag
33%
Beautiful Stranger
27%
Let's Try
27%
Love Hate
27%
Sorry (Dear Daddy)
27%
Spit It Out
27%
Surprise Party
27%
Beautiful Goodbye
20%
...Is It OK?
20%
My Style
20%
Gangsta Boy
13%
So Into U
13%
Stand Up!
7%

Score Distribution

Percentile by Number Answered

Percent of People with Each Score

Your Score History

You have not taken this quiz